| 000 | 00660nam a2200193 a 4500 | ||
|---|---|---|---|
| 005 | 20240925065152.0 | ||
| 008 | 050221s1994 mx r 000 0 spa d | ||
| 020 | _a8476584334 | ||
| 035 | _aUPN01000137558 | ||
| 049 | _aCG | ||
| 050 | 4 |
_aHM251 _bC6.6 |
|
| 245 | 0 | 0 |
_aConstrucción y crítica de la psicología social / _ccoord. Maritza Montero ; pról. de Tomás Ibáñez. |
| 260 |
_aBarcelona, Esp. : _bAnthropos ; _aCaracas : _bUniversidad Central de Venezuela, _c1994. |
||
| 300 | _a235 p. | ||
| 440 | 0 |
_aAutores, textos y temas. _pPsicología ; _v21 |
|
| 650 | 4 |
_aPsicología social _95889 |
|
| 700 | 1 |
_aMontero, Maritza, _ecoord. _929369 |
|
| 905 | _aLibro | ||
| 999 |
_c109709 _d109709 |
||